000 00447nam a2200181Ia 4500
008 240925s9999 xx 000 0 und d
020 _a719541913
082 _a530 DUN
100 _aDuncan, Tom
245 0 _aSuccess in Physics
250 _aNA
260 _aLondon:
_bJohn Wiley Sons
_c,1985.
300 _axxxv,462p.
_bNA
_fPirated
500 _aIncludes Index
600 _aHumanities & Natural Science
650 _aPhysics
942 _cBK
999 _c6153
_d6153